000 00567nam a22001577a 4500
003 OSt
005 20160330101812.0
008 160330b xxu||||| |||| 00| 0 eng d
040 _cRUA
082 _aFIS ចាន៉ 1995 B472 Or.1
100 _98245
_aចាន់ តុង
245 _aPotential of fish cage culture in siem reap province;​ សក្ដានុពលនៃការចិញ្ចឹមត្រីតាមបែរនៅខេត្តសៀមរាប
260 _aPhnom Penh
_bRUA
_c1995
300 _a70p.
_bill.
_c29cm.
942 _2ddc
_cFIS
999 _c7875
_d7875